00893nam a22001937a 4500003000900000008004100009040007100050082001700121110006300138245003500201246003300236260002400269300001100293440002700304505027800331650003300609650003100642650002600673AR-CdUCM190312b ||||| |||| 00| 0 spa d aMUNICIPALIDAD PROVINCIAL DEL CUSCOcBIBLIOTECA MUNICIPAL DEL CUSCO a354.8 /bC43 aCentro interamericano de administración del trabajo CIAT aAdministración del trabajo / aSerie de documentos, SD/82/2 aLima :bOIT,c1979. c30 cm. aLecturas seleccionadas aContenido : t.2 : Administración pública -- Desarrollo nacional -- Análisis de la organización -- Estructura orgánica -- t.3 :Elementos de administración del trabajo -- Servicio de la administración del trabajo: Empleo y recursos humanos -- El caso Peruano... aAdministración del trabajo aAdministración pública aEstadística laboral